ARRUPE JESUIT UNIVERSITY

CORONAVIRUS -STOP THE SPREAD - CLEAN,DISINFECT,COVER

Lamps of fire : (Record no. 123717)

MARC details
000 -LEADER
fixed length control field 00780pam a2200241 a 4500
001 - CONTROL NUMBER
control field 4750315
003 - CONTROL NUMBER IDENTIFIER
control field ARRUPE
005 - DATE AND TIME OF LATEST TRANSACTION
control field 20151204141907.0
008 - FIXED-LENGTH DATA ELEMENTS--GENERAL INFORMATION
fixed length control field 850402s1986 mau b 000 0deng
010 ## - LIBRARY OF CONGRESS CONTROL NUMBER
LC control number 85008242
020 ## - INTERNATIONAL STANDARD BOOK NUMBER
International Standard Book Number 0932506402 (pbk.)
040 ## - CATALOGING SOURCE
Original cataloging agency DLC
Transcribing agency DLC
Modifying agency DLC
050 00 - LIBRARY OF CONGRESS CALL NUMBER
Classification number BV5075
Item number .H47 1986
082 00 - DEWEY DECIMAL CLASSIFICATION NUMBER
Classification number 248.2/2
Edition number 19
300 ## - PHYSICAL DESCRIPTION
Dimensions 22 cm.
100 1# - MAIN ENTRY--PERSONAL NAME
Personal name Herrera, Robert A.
9 (RLIN) 8488
245 10 - TITLE STATEMENT
Title Lamps of fire :
Remainder of title studies in Christian mysticism /
Statement of responsibility, etc Robert A. Herrera ; introduction by Frederick D. Wilhelmsen.
260 ## - PUBLICATION, DISTRIBUTION, ETC. (IMPRINT)
Place of publication, distribution, etc Petersham, Mass. :
Name of publisher, distributor, etc St. Bede's Publications,
Date of publication, distribution, etc c1986.
300 ## - PHYSICAL DESCRIPTION
Extent xi, 138 p. ;
504 ## - BIBLIOGRAPHY, ETC. NOTE
Bibliography, etc Includes bibliographies.
650 #0 - SUBJECT ADDED ENTRY--TOPICAL TERM
Topical term or geographic name as entry element Mysticism
General subdivision History.
9 (RLIN) 20857
906 ## - LOCAL DATA ELEMENT F, LDF (RLIN)
a 7
b cbc
c orignew
d 1
e ocip
f 19
g y-gencatlg
942 ## - ADDED ENTRY ELEMENTS (KOHA)
Source of classification or shelving scheme Library of Congress Classification
Koha item type Monograph ( Printed materials)
Holdings
Withdrawn status Lost status Source of classification or shelving scheme Damaged status Not for loan Collection code Home library Current library Shelving location Date acquired Total Checkouts Full call number Barcode Date last seen Price effective from Koha item type
    Library of Congress Classification     Main Collection ARRUPE LIBRARY ARRUPE LIBRARY Main Collection 04/11/2015   BV5075 .H47 1986 46500005356 24/01/2017 04/11/2015 Monograph ( Printed materials)

 

Arrupe Library. PO Box MP320 Mt Pleasant, Harare, Zimbabwe
263 242 745411|librarian@aju.ac.zw